000
00295nam a2200109Ia 4500
008
220204s9999 xx 000 0 und d
082
_a
681.31(036)ORA
_b
McC
100
_a
McClanahan, David
245
0
_a
Oracle developer's guide. 1997.
260
_a
Mew Delhi
_b
Tata McGraw Hill
_c
1997
942
_c
BK
999
_c
41471
_d
41471